000 00362nam a22000977a 4500
100 _aसिंह,मीनाक्षी
_980589
245 _aपर्यावरण प्रश्‍नोत्तरी
260 _aदिल्‍ली
_bवर्षा साहित्‍य सदन
_c2017
650 _aपर्यावरण
_936465
942 _cHIN
999 _c63906
_d63906